Atlas de radiación solar de Colombia / (Registro nro. 60204)
[ vista simple ]
| 000 -CABECERA | |
|---|---|
| Longitud fija campo de control | 00994nam a2200313 a 4500 |
| 003 - • IDENTIFICADOR DELl NÚMERO DE CONTROL | |
| Identificador del número de control | CO-BoRNBP |
| 005 - • FECHA Y HORA DE LA ÚLTIMA TRANSACCIÓN | |
| Fecha y hora de la última transacción | 20251215140004.0 |
| 007 - • CAMPO FIJO DE DESCRIPCIÓN FÍSICA | |
| Campo fijo de descripción física | ta |
| 008 - • CÓDIGOS DE INFORMACIÓN DE LONGITUD FIJA | |
| Códigos de información de longitud fija | 980320s2005 ck ab gr 00010 spa d |
| 020 ## - • NÚMERO INTERNACIONAL NORMALIZADO PARA LIBROS | |
| Número Internacional Normalizado para Libros (ISBN) | 9588067138 |
| 040 ## - FUENTE DE LA CATALOGACIÓN | |
| Centro catalogador de origen | CO-BoBLA |
| Lengua de catalogación | spa |
| Centro transcriptor | CO-BoBLA |
| 041 0# - • CÓDIGO DE LENGUA | |
| Código de lengua del texto/banda sonora o título independiente | spa |
| 043 ## - CÓDIGO DE ÁREA GEOGRÁFICA | |
| Código de área geográfica | s-ck--- |
| 082 04 - • NÚMERO DE LA CLASIFICACIÓN DECIMAL DEWEY | |
| Número de clasificación (R) | 523.72 |
| Número del ítem | A75a |
| Número de edición | 20 ed. |
| 245 00 - • TITULO PROPIAMENTE DICHO | |
| Título | Atlas de radiación solar de Colombia / |
| Mención de responsabilidad, etc. | Carlos Arturo Flórez Piedrahita ... [et al.]. |
| 250 ## - • MENCIÓN DE EDICIÓN | |
| Mención de edición | 1a. edición |
| 300 ## - • DESCRIPCIÓN FÍSICA | |
| Extensión | 175 p : |
| Otras características físicas | il., mapas ; |
| Dimensiones | 33 cm. |
| 336 ## - TIPO DE CONTENIDO | |
| Fuente | rdacontent |
| Término de tipo de contenido | texto |
| Código de tipo de contenido | txt |
| 337 ## - TIPO DE MEDIO | |
| Fuente | rdamedia |
| Nombre del tipo de medio | sin mediación |
| Código del tipo de medio | n |
| 338 ## - TIPO DE SOPORTE | |
| Fuente | rdacarrier |
| Nombre del tipo de soporte | volumen |
| Código del tipo de soporte | nc |
| 504 ## - • NOTA DE BIBLIOGRAFÍA, ETC | |
| Nota de bibliografía, etc. | Incluye bibliografías. |
| 650 #7 - • PUNTO DE ACCESO ADICIONAL DE MATERIA - TÉRMINO DE MATERIA | |
| Término de materia o nombre geográfico como elemento inicial | Radiación solar |
| Subdivisión geográfica | Colombia |
| Subdivisión de forma | Atlas. |
| Fuente del encabezamiento o término | BLAAUTO |
| 650 17 - • PUNTO DE ACCESO ADICIONAL DE MATERIA - TÉRMINO DE MATERIA | |
| Término de materia o nombre geográfico como elemento inicial | Radiación extraterrestre |
| Subdivisión geográfica | Colombia |
| Subdivisión de forma | Atlas. |
| Fuente del encabezamiento o término | BLAAUTO |
| 700 12 - • PUNTO DE ACCESO ADICIONAL - NOMBRE DE PERSONA | |
| Nombre de persona | Flórez Piedrahita, Carlos Arturo. |
| 830 #0 - • PUNTO DE ACCESO ADICIONAL DE SERIE - TÍTULO UNIFORME | |
| Título uniforme | Rodolfo Segovia-Colección |
| 942 ## - ENTRADA DE ELEMENTOS AGREGADOS (KOHA) | |
| Fuente de clasificaión o esquema | Dewey Decimal Classification |
| Koha [por defecto] tipo de item | LIbro |
| 949 ## - TRATAMIENTO DE LA INFORMACIÓN LOCAL (OCLC) | |
| a | c |
| b | c |
| Perdido | Fuente de clasificación o esquema | Estado Físico | No para préstamo | Forma de adquisición | Localización permanente | Localización actual | Localización en estanterías | Fecha adquisición | Préstamos totales | Signatura completa | Código de barras | Fecha última consulta | Número de copia | Fecha del precio de reemplazo | Tipo de item de Koha |
|---|---|---|---|---|---|---|---|---|---|---|---|---|---|---|---|
| Dewey Decimal Classification | Colección General | Biblioteca Pública Acacias - Carlos María Hernández Rojas | Biblioteca Pública Acacias - Carlos María Hernández Rojas | General | 12/15/2025 | 523.72 A75a | ACA04457 | 12/15/2025 | Ej.1 | 12/15/2025 | LIbro |